Online
Catalog

De las islas del mar océano ; (Record no. 31911)

MARC details
000 -CABECERA
campo de control de longitud fija 01269nam a2200253 a 4500
001 - NÚMERO DE CONTROL
campo de control 000032420
005 - FECHA Y HORA DE LA ÚLTIMA TRANSACCIÓN
campo de control 20200930065630.0
008 - DATOS DE LONGITUD FIJA--INFORMACIÓN GENERAL
campo de control de longitud fija 110718s1954 dr 000 0 spa d
040 ## - FUENTE DE LA CATALOGACIÓN
Centro catalogador/agencia de origen DO-SdBNP
Lengua de catalogación spa
Centro/agencia transcriptor BNPHU
100 1# - ENTRADA PRINCIPAL--NOMBRE DE PERSONA
Nombre de persona López de Palacios Rubios, Juan
9 (RLIN) 58380
245 10 - MENCIÓN DE TÍTULO
Título De las islas del mar océano ;
Resto del título Del dominio de los Reyes de España sobre los indios /
Mención de responsabilidad, etc. Juan López de Palacios. Del dominio de los Reyes de , Matias de Paz ; introducción de Silvio Zavala ; traducción, notas y bibliografía de Agustín Millares Carló.
260 ## - PUBLICACIÓN, DISTRIBUCIÓN, ETC.
Lugar de publicación, distribución, etc. Buenos Aires :
Nombre del editor, distribuidor, etc. Fondo de Cultura Económica,
Fecha de publicación, distribución, etc. 1954.
300 ## - DESCRIPCIÓN FÍSICA
Extensión cxxx, 209 p. ;
Dimensiones 22 cm.
490 1# - MENCIÓN DE SERIE
Mención de serie Biblioteca americana
-- cronistas de Indias
500 ## - NOTA GENERAL
Nota general Incluye índices
500 ## - NOTA GENERAL
Nota general Incluye referencias bibliográficas y notas al pie de las páginas
500 ## - NOTA GENERAL
Nota general Dos obras encuadernadas juntas con paginación continúa
504 ## - NOTA DE BIBLIOGRAFÍA, ETC.
Nota de bibliografía, etc. Bibliografía: p. 269-289
700 1# - PUNTO DE ACCESO ADICIONAL--NOMBRE DE PERSONA
Nombre de persona Paz, Matías de Paz,
Fechas asociadas al nombre 1468 (ca.)-1519
Título de la obra Del dominio de los reyes de España sobre los indios.
9 (RLIN) 58381
700 1# - PUNTO DE ACCESO ADICIONAL--NOMBRE DE PERSONA
Nombre de persona Millares Carlo, Agustín,
Fechas asociadas al nombre 1893-1980.
9 (RLIN) 21293
700 1# - PUNTO DE ACCESO ADICIONAL--NOMBRE DE PERSONA
Nombre de persona Zavala, Silvio
9 (RLIN) 46363
740 0# - PUNTO DE ACCESO ADICIONAL--TÍTULO RELACIONADO O ANALÍTICO NO CONTROLADO
Título relacionado o analítico no controlado Del dominio de los reyes de España sobre los indios.
830 #0 - PUNTO DE ACCESO ADICIONAL DE SERIE-TÍTULO UNIFORME
Título uniforme Biblioteca americana
Nombre de parte o sección de la obra cronistas de Indias
9 (RLIN) 57182
Holdings
Estado de retiro Estado de pérdida No para préstamo Código de colección Localización permanente Ubicación/localización actual Ubicación en estantería Fecha de adquisición Número de inventario Total de préstamos Signatura topográfica completa Código de barras Fecha visto por última vez Precio válido a partir de Tipo de ítem Koha Nota pública
    Excluido de préstamo Patrimonio Dominicano Patrimonio Dominicano Patrimonio Dominicano En catalogación 18.07.2011 LF1   32420-10 25.06.2020 25.06.2020 Libro y Folleto Colección Patrimonio Dominicano Perteneció a la biblioteca personal de Juan Isidro Jimenes Grullón.

Powered by Koha